Movies Quiz

Random Movies or Actress Quiz

Best Actress by Movie Quiz Stats

 Plays Quiz not verified by Sporcle

Challenge
Share
Tweet
Embed
Score 0/18 Timer 02:00
0 Plays Today
Movie Actress % Correct
The Black SwanNatalie Portman
98.7%
Walk the LineReese Witherspoon
96.2%
Erin BrockovichJulia Roberts
96.2%
The ReaderKate Winslet
93.6%
Million Dollar BabyHilary Swank
92.3%
The Blind SideSandra Bullock
91%
Silence of the LambsJodie Foster
89.5%
MonsterCharlize Theron
88.5%
The QueenHelen Mirren
82.1%
Movie Actress % Correct
As Good As It GetsHelen Hunt
80.7%
The HoursNicole Kidman
79.5%
MiseryKathy Bates
71.9%
FargoFrances McDormand
68.4%
Dead Man WalkingSusan Sarandon
66.7%
La Vie en RoseMarion Cotillard
62.8%
The PianoHolly Hunter
56.1%
Howards EndEmma Thompson
49.1%
Blue SkyJessica Lange
36.8%

You're not logged in!

Compare scores with friends on all Sporcle quizzes.
OR
Log In

You Might Also Like...

Show Comments

Extras

Top Quizzes Today


Score Distribution

Your Account Isn't Verified!

In order to create a playlist on Sporcle, you need to verify the email address you used during registration. Go to your Sporcle Settings to finish the process.

Report this User

Report this user for behavior that violates our Community Guidelines.

Details: